| 000 | 00876cam a22002653a 4500 | ||
|---|---|---|---|
| 001 | 5621 | ||
| 003 | PGUSA | ||
| 005 | 20140828083122.0 | ||
| 008 | 040501s2004||||xxu|||||s|||||000 | eng d | ||
| 040 |
_aPGUSA _beng |
||
| 042 | _adc | ||
| 050 | 4 | _aB | |
| 100 | 1 |
_aCushing, Max Pearson, _d1886-1951 |
|
| 245 | 1 | 0 |
_aBaron d'Holbach : _ba Study of Eighteenth Century Radicalism in France _h[electronic resource] / _cMax Pearson Cushing |
| 260 |
_bProject Gutenberg, _c2004 |
||
| 506 | _aPublic domain in the USA. | ||
| 516 | _aElectronic text | ||
| 653 | _aPhilosophy, Modern -- 18th century | ||
| 653 | _aRadicalism -- France -- History -- 18th century | ||
| 653 | _aHolbach, Paul Henri Thiry, baron d', 1723-1789 | ||
| 653 | _aPhilosophers -- France -- Biography | ||
| 830 | 0 |
_aProject Gutenberg _v5621 |
|
| 856 | 4 | 0 | _uhttp://www.gutenberg.org/ebooks/5621 |
| 942 | _cEB | ||
| 999 |
_c234949 _d234949 |
||